000 00515nam a2200193Ia 4500
005 20250326144804.0
008 250326s9999 xx 000 0 und d
020 _a0-471-45962-3
037 _aTextbook
040 _aFMSL
_beng
_cFMSL
041 _aeng
_2eng
084 _aV.561 P4
_qFMSL
100 _aSwift Will
_9750114
245 0 _aRoosevelts and the royals
_cSwift Will
260 _aN.J
_bN.J, John Wiley
_c2004
300 _axvii,366
942 _cTB
_hV.561 P4
999 _c1305062
_d1305062